2025 MLB Highest Paid Players - Statistics

General Stats
  • This quiz has been taken 148 times
    95 since last reset
  • The average score is 10 of 16
Answer Stats
Pos Answer Contract AAV % Correct
1 SP/DH Shohei Ohtani $70.0M
100%
2 RF Juan Soto $51.0M
97%
T-4 CF Aaron Judge $40.0M
89%
8 SP Gerrit Cole $36.0M
72%
9 CF Mike Trout $35.5M
68%
T-4 3B/2B Alex Bregman $40.0M
58%
12 SS Francisco Lindor $34.1M
58%
16 3B Manny Machado $31.8M
57%
7 SP Blake Snell $36.4M
54%
6 SP Jacob deGrom $37.0M
53%
3 SP Zack Wheeler $42.0M
53%
T-14 3B Nolan Arenado $32.5M
50%
T-10 3B Anthony Rendon $35.0M
49%
T-14 SS Corey Seager $32.5M
49%
13 SS Carlos Correa $33.3M
36%
T-10 SP Corbin Burnes $35.0M
33%
No matching quizzes found
Score Distribution
Percent of People with Each Score
Percentile by Number Answered
Your Score History
You have not taken this quiz since the last reset